25 personnages de la révolution de 1789 - Statistiques

Statistiques générales
  • Ce quiz a été pris 99 fois
    26 depuis la dernière actualisation
  • Le résultat moyen est 10 sur 25
Statistiques - réponses
Par images Réponse % Correct
Robespierre
94%
Danton
76%
Louis XVI
76%
Marat
71%
Napoléon Bonaparte
71%
Voltaire
65%
Marie-Antoinette
53%
Mirabeau
53%
Necker
47%
Rousseau
47%
Lafayette
41%
Charlotte Corday
35%
Sieyès
35%
Dumouriez
29%
Manon Roland
29%
Barras
24%
Camille Desmoulins
24%
Fouquier Tinville
18%
Hebert
18%
Brissot
12%
Philippe Egalité
12%
Barnave
6%
Condorcet
6%
La Rochejacquelin
6%
Lavoisier
6%
Aucun quiz correspondant
Distribution des résultats
% des personnes avec chaque résultat
Percentile par nombre de réponses
Votre historique - résultats
Vous n’avez pas pris ce quiz depuis la dernière actualisation